000 00805cab a2200265 4500
001 ABS67416
008 040206n2004 000 0 eng u
035 _a(Sirsi) u125081
245 _aRegional survey: Lancashire and Cumbria
260 _c2004
490 _aProperty Week
_v69(5) 30 January 2004, 81-94(6)
590 _aABS
650 _aLANCASHIRE
650 _aCUMBRIA
650 _aKENDAL
650 _aREGENERATION
650 _aPRESTON
650 _aBARROW-IN-FURNESS
650 _aBUSINESS PARKS
650 _aPROPERTY-COMMERCIAL PROPERTY-OFFICE PROPERTY-OFFICE PROPERTY MARKET
650 _aPROPERTY-COMMERCIAL PROPERTY-RETAIL PROPERTY-RETAIL PROPERTY MARKET
650 _aINDUSTRIAL MARKET
690 _aPROPERTY-COMMERCIAL PROPERTY-COMMERCIAL PROPERTY MARKET
942 _n0
999 _c74143
_d74143